000 00831nam a2200253 a 4500
001 BRL_1410
005 20190320211206.0
008 130114s1974----u--a######---#000-0#eng-#
041 _aeng
044 _au
050 4 _aE98.T35
_b.A47 1974
100 1 _aAmsden, Charles Avery
_d1899-1941
_926806
245 1 0 _aNavaho weaving
_bits technic and its history
_cby Charles Avery Amsden ; foreword by Frederick Webb Hodge.
260 _aGlorieta, New Mexico
_bThe Rio Grande
_c1974
300 _axviii, 261 p.
_bil., hojas plegables
_c24 cm.
500 _aAu1651
500 _aIncluye índice
504 _aBibliografía: p. 241-249
650 1 4 _aNavajos
_xTelas
_zAmérica del Norte
_926807
650 1 4 _aNavajos
_xTextiles
_zAmérica del Norte
_926808
700 1 _aWebb Hodge, Frederick
_926809
902 _aGRL
942 _2lcc
_cB
999 _c10220
_d10220